000 00794nam a2200229 a 4500
001 39026
003 BD-RjUL
005 20211209052912.0
008 160404t2011 bg ||||e |||| 00| 0 ben d
020 _a9840749498
_cTk. 160.00
035 _a(BD-RjUL)39137
040 _aBD-RjUL
_beng
_cBD-RjUL
041 _aben
082 _223
_a509.54
_bBAR 2011
100 _aবড়ুয়া, সুব্রত
_9120480
245 1 0 _aরবীন্দ্রনাথ ও বিজ্ঞান /
_cসুব্রত বড়ুয়া
260 _aঢাকা :
_bবাংলা একাডেমী,
_c২০১১ .
300 _a১১১ পৃ. :
_bচিএ;
_c২১ সেমি.
504 _aগ্রন্থপঞ্জি ;
650 _aScience
_9120537
942 _2ddc
_cBK
999 _c39026
_d39026